Christian Bobin, L’Homme-joie , L’iconoclaste, 2012, 192 pages, 17 € (notice n° 2048913)

détails MARC
000 -LEADER
fixed length control field 00651cam a2200157 4500500
005 - DATE AND TIME OF LATEST TRANSACTION
control field 20260405001551.0
041 ## - LANGUAGE CODE
Language code of text/sound track or separate title fre
042 ## - AUTHENTICATION CODE
Authentication code dc
100 10 - MAIN ENTRY--PERSONAL NAME
Personal name Campana, Marie-Noëlle
Relator term author
245 00 - TITLE STATEMENT
Title Christian Bobin, L’Homme-joie , L’iconoclaste, 2012, 192 pages, 17 €
260 ## - PUBLICATION, DISTRIBUTION, ETC.
Date of publication, distribution, etc. 2013.<br/>
500 ## - GENERAL NOTE
General note 96
520 ## - SUMMARY, ETC.
Summary, etc. RésuméL’écrivain Alexis Jennis, prix Goncourt 2011 pour son roman L’Art français de la guerre, évoque ce que l’acte de croire signifie pour lui.
786 0# - DATA SOURCE ENTRY
Note Études | 418 | 1 | 2013-01-01 | p. X-X | 0014-1941
856 41 - ELECTRONIC LOCATION AND ACCESS
Uniform Resource Identifier <a href="https://shs.cairn.info/revue-etudes-2013-1-page-X?lang=fr&redirect-ssocas=7080">https://shs.cairn.info/revue-etudes-2013-1-page-X?lang=fr&redirect-ssocas=7080</a>

Pas d'exemplaire disponible.

PLUDOC

PLUDOC est la plateforme unique et centralisée de gestion des bibliothèques physiques et numériques de Guinée administré par le CEDUST. Elle est la plus grande base de données de ressources documentaires pour les Étudiants, Enseignants chercheurs et Chercheurs de Guinée.

Adresse

627 919 101/664 919 101

25 boulevard du commerce
Kaloum, Conakry, Guinée

Réseaux sociaux

Powered by Netsen Group @ 2025